000 00269nam a2200097Ia 4500
001 759664
005 20250826164920.0
008 250824s9999 xx 000 0 und d
245 0 _aKÖR KALBE AŞK DOKUNMAZ
_cYazar Adı Belirtilmemiş
260 _bKARATAY AKADEMİ YAYINLARI
999 _c759664
_d759664